000 00935nam a2200301 i 4500
001 12585
003 ES-MaACL
005 20230906150343.0
007 t|
008 960918s1995 sp ||||0| spa
020 _a84-249-1785-5
080 _a133.4(38)(093)
080 _a133.4(37)(093)
100 1 _aLuck, Georg.
_974598
245 1 0 _aArcana Mundi
_b: magia y ciencias ocultas en el mundo griego y romano /
_cGeorg Luck ; versión española de Elena Gallego Moya y Miguel E. Pérez Molina.
260 _aMadrid :
_bGredos,
_c[1995]
300 _a458 p ;
_c24 cm.
490 1 _aManuales
650 4 _aOcultismo-
_zGrecia.
_915685
650 4 _aOcultismo-
_zRoma.
_9172290
650 0 0 _aMagia griega.
_914732
650 4 _aMagia romana.
_9163296
700 1 _aGallego Moya, Elena.
_953578
700 1 _aPérez Molina, Miguel E.
_991032
830 1 _aManuales
_9178657
852 _aES-MaACL
_jL-19861
999 _c12585
_d12585